000 00481nam a2200145Ia 4500
001 2708
008 241024s9999 xx 000 0 und d
082 _aRD/507/R426i
100 _aRepública Dominicana. Ministerio de Educación Superior, Ciencia y Tecnología (MESCyT)
245 0 _aImplementación del sistema de ciencia, tecnología e innovación de República Dominicana
260 _bSanto Domingo
_c2012
590 _asi
901 _a28/12/2012 10:18:29 a.m.
999 _c8214
_d8214